<?xml version="1.0" encoding="UTF-8"?>
<record
    xmlns:xsi="http://www.w3.org/2001/XMLSchema-instance"
    xsi:schemaLocation="http://www.loc.gov/MARC21/slim http://www.loc.gov/standards/marcxml/schema/MARC21slim.xsd"
    xmlns="http://www.loc.gov/MARC21/slim">

  <leader>06220cam a2200337   4500500</leader>
  <controlfield tag="005">20251228064818.0</controlfield>
  <datafield tag="041" ind1=" " ind2=" ">
    <subfield code="a">fre</subfield>
  </datafield>
  <datafield tag="042" ind1=" " ind2=" ">
    <subfield code="a">dc</subfield>
  </datafield>
  <datafield tag="100" ind1="1" ind2="0">
    <subfield code="a">Combeau-Mari, &#xC9;velyne</subfield>
    <subfield code="e">author</subfield>
  </datafield>
  <datafield tag="245" ind1="0" ind2="0">
    <subfield code="a">Les premiers &#xE9;quipements sportifs &#xE0; La R&#xE9;union&#xA0;: une politique de		  l'Etat (1956-1971)</subfield>
  </datafield>
  <datafield tag="260" ind1=" " ind2=" ">
    <subfield code="c">2003.
							</subfield>
  </datafield>
  <datafield tag="500" ind1=" " ind2=" ">
    <subfield code="a">9</subfield>
  </datafield>
  <datafield tag="520" ind1=" " ind2=" ">
    <subfield code="a">R&#xE9;sum&#xE9; Cet article porte sur les mises en &#x153;uvre locales des premi&#xE8;res lois-programmes d&#x2019;&#xE9;quipements sportifs, &#xE9;dict&#xE9;es par le Haut-Commissariat &#xE0; la Jeunesse et aux Sports, au tournant des ann&#xE9;es 60. Il s&#x2019;attache &#xE0; souligner pour le cas singulier du tout nouveau d&#xE9;partement d&#x2019;outre-mer&#xA0;: La R&#xE9;union, les d&#xE9;calages temporels mais aussi les temps forts des r&#xE9;alisations concr&#xE8;tes ainsi que les marges d&#x2019;adaptation de ces programmes. L&#x2019;ann&#xE9;e 1963 amorce une politique de d&#xE9;partementalisation en mati&#xE8;re d&#x2019;&#xE9;quipements sportifs, &#xE0; La R&#xE9;union. L&#x2019;action d&#xE9;cisive de l&#x2019;Etat fran&#xE7;ais est largement appuy&#xE9;e et acc&#xE9;l&#xE9;r&#xE9;e par Michel Debr&#xE9;, &#xE9;lu d&#xE9;put&#xE9; de La R&#xE9;union. Cette politique de rattrapage ne permet pas &#xE0; la fin des ann&#xE9;es 60 la diversification des infrastructures, largement domin&#xE9;es par l&#x2019;h&#xE9;g&#xE9;monie du &#xAB;&#xA0;terrain de football municipal&#xA0;&#xBB;. Cet article montre que l&#x2019;analyse des constructions sportives constitue un analyseur pertinent des transformations politiques et sociales du jeune d&#xE9;partement.</subfield>
  </datafield>
  <datafield tag="520" ind1=" " ind2=" ">
    <subfield code="a">Abstract This article concerns the local application of laws providing framework for long term government programmes, defined by the Ministry of &#xAB;&#xA0;la Jeunesse et des Sports&#xA0;&#xBB;, Maurice Herzog, during the sixties. It aims at emphasizing the specific situation of Reunion, only recently promoted to the status of an overseas department of France (a department is an administrative division of the country, similar to a &#xAB;&#xA0;british county&#xA0;&#xBB;). Considered in this paper are the considerable gap to close and the main periods of activity resulting in new constructions, but also the possibilities of local adaptation of these programmes. 1963 marks the beginning of the application of departmental sports facility policies. This decisive action of the French government was heartily supported and promoted by M. Michel Debr&#xE9;, Deputy for Reunion. In the late sixties this policy to catch up with Metropolitan France did not, however, allow for diversification of the facilities. The sports scene is still dominated by the hegemony of the local football grounds. This article shows that the construction of sports facilities (mostly football stadiums) is a pertinent indicator of political and social transformations in this new department.</subfield>
  </datafield>
  <datafield tag="520" ind1=" " ind2=" ">
    <subfield code="a">Resumen El presente art&#xED;culo, trata sobre las obras locales referidas a las primeras leyes-programas de equipamientos deportivos dictadas por el Haut-Comissariat de la Juventud y los Deportes en los a&#xF1;os 60. Es importante se&#xF1;alar que en el caso particular de un nuevo departamento de otra-mar &#x201C;La Reuni&#xF3;n&#x201D;, con sus diferencias de distancia y per&#xED;odos fuertes de realizaciones en la aplicaci&#xF3;n y adaptaci&#xF3;n de estos programas realizados el a&#xF1;o 1963, mediante una pol&#xED;tica de departamentalizaci&#xF3;n en materias de equipamientos deportivos. La acci&#xF3;n desiciva del estado Franc&#xE9;s fue apoyada por Michel Debr&#xE9; diputado por la Reuni&#xF3;n. Esta pol&#xED;tica de recuperaci&#xF3;n permitio hasta los a&#xF1;os 60 la diversificaci&#xF3;n de la infraestructura, dominada en esa &#xE9;poca por la hegemonia de la &#x201C;Cancha de f&#xFA;tbol municipal&#x201D;. Este art&#xED;culo muestra que los an&#xE1;lisis de construcciones deportivas constituye un sujeto pertinente de transformaciones en pol&#xED;ticas sociales de este nuevo departamento.</subfield>
  </datafield>
  <datafield tag="520" ind1=" " ind2=" ">
    <subfield code="a">Zusammenfassung Dieser Artikel betrifft die lokale Einf&#xFC;hrung der ersten Gesetzesprogramme bez&#xFC;glich der Sportst&#xE4;tten, herausgeben durch das Haut-Commissariat f&#xFC;r Jugend und Sport in den 60er Jahren. Er hebt f&#xFC;r den Fall der R&#xE9;union, einem ganz neuen &#xFC;berseeischen Departement, Zeiten des Hinterherhinkens, aber auch Bl&#xFC;tezeiten f&#xFC;r konkrete Realisierungen hervor und auch Verz&#xF6;gerungen in der Umsetzung dieser Programme. Im Jahr 1963 setzt auf der R&#xE9;union eine Departementalisierung bez&#xFC;glich der Sportst&#xE4;tten ein. Die entscheidende Aktion des franz&#xF6;sischen Staates wird besonders durch Michel Debr&#xE9;, den Abgeordneten der R&#xE9;union, unterst&#xFC;tzt und beschleunigt. Diese Aufholpolitik erlaubt es nicht, Ende der 60er Jahre die Infrastruktur zu diversifizieren, die deutlich von den st&#xE4;dtischen Fu&#xDF;ballpl&#xE4;tzen gepr&#xE4;gt ist. Dieser Artikel zeigt, dass die Analyse der Sporteinrichtungen ein aussagekr&#xE4;ftiger Analysator der politischen und sozialen Transformationen des jungen Departements darstellt.</subfield>
  </datafield>
  <datafield tag="520" ind1=" " ind2=" ">
    <subfield code="a">Riassunto Quest&#x2019;articolo descrive le attuazioni locali delle prime leggi-programmi di attrezzature sportive, emanate dall&#x2019;Alto Commissariato della Giovent&#xF9; e degli Sport, a cavallo degli anni &#x2019;60. Sottolinea il caso singolare di ogni nuovo dipartimento d&#x2019;oltremare: La R&#xE9;union, gli spostamenti temporali ma anche i tempi forti delle realizzazioni concrete, cos&#xEC; come i margini di adattamento di questi programmi. L&#x2019;anno 1963 avvia una politica di departimentalizzazione in materia di strutture sportive a La R&#xE9;union. L&#x2019;azione decisiva dello Stato francese &#xE8; ampiamente appoggiata ed accelerata da Michel Debr&#xE9;, eletto deputato a La R&#xE9;union. Questa politica di recupero non permette alla fine degli anni &#x2019;60 la diversificazione delle infrastrutture, largamente dominate dall&#x2019;egemonia del &#x201C;campo di calcio municipale&#x201D;. Quest&#x2019;articolo mostra che l&#x2019;analisi delle costruzioni sportive costituisce un analizzatore pertinente delle trasformazioni politiche e sociali del giovane dipartimento.</subfield>
  </datafield>
  <datafield tag="690" ind1=" " ind2=" ">
    <subfield code="a">&#xE9;partementalisation</subfield>
  </datafield>
  <datafield tag="690" ind1=" " ind2=" ">
    <subfield code="a">Equipements sportifs</subfield>
  </datafield>
  <datafield tag="690" ind1=" " ind2=" ">
    <subfield code="a">&#xE9;union</subfield>
  </datafield>
  <datafield tag="690" ind1=" " ind2=" ">
    <subfield code="a">Lois</subfield>
  </datafield>
  <datafield tag="690" ind1=" " ind2=" ">
    <subfield code="a">Politique</subfield>
  </datafield>
  <datafield tag="690" ind1=" " ind2=" ">
    <subfield code="a">Programmes</subfield>
  </datafield>
  <datafield tag="690" ind1=" " ind2=" ">
    <subfield code="a">&#xE9;partementalisation</subfield>
  </datafield>
  <datafield tag="690" ind1=" " ind2=" ">
    <subfield code="a">&#xE9;union</subfield>
  </datafield>
  <datafield tag="690" ind1=" " ind2=" ">
    <subfield code="a">policies</subfield>
  </datafield>
  <datafield tag="690" ind1=" " ind2=" ">
    <subfield code="a">sixties</subfield>
  </datafield>
  <datafield tag="690" ind1=" " ind2=" ">
    <subfield code="a">sports facilities</subfield>
  </datafield>
  <datafield tag="786" ind1="0" ind2=" ">
    <subfield code="n">Staps | 61 | 2 | 2003-06-01 | p. 25-37 | 0247-106X</subfield>
  </datafield>
  <datafield tag="856" ind1="4" ind2="1">
    <subfield code="u">https://shs.cairn.info/revue-staps-2003-2-page-25?lang=fr&amp;redirect-ssocas=7080</subfield>
  </datafield>
  <datafield tag="999" ind1=" " ind2=" ">
    <subfield code="c">1590207</subfield>
    <subfield code="d">1590207</subfield>
  </datafield>
</record>
